Loading...
| Auditory Arts | 1 | 10.00 | 100% | 0% | 0% |
| Beliefs | 4 | 10.00 | 75% | 25% | 0% |
| Current Events | 2 | 15.00 | 100% | 50% | 0% |
| Fine Arts - Other Arts | 4 | 7.50 | 50% | 25% | 0% |
| History - American | 3 | 16.67 | 100% | 33% | 33% |
| History - Ancient | 1 | 20.00 | 100% | 0% | 100% |
| History - European | 1 | 10.00 | 100% | 0% | 0% |
| History - Other | 1 | 20.00 | 100% | 100% | 0% |
| History - World | 6 | 16.67 | 100% | 33% | 33% |
| Literature - American | 3 | 6.67 | 67% | 0% | 0% |
| Literature - British | 1 | 10.00 | 100% | 0% | 0% |
| Literature - European | 3 | 3.33 | 33% | 0% | 0% |
| Literature - World | 1 | 10.00 | 100% | 0% | 0% |
| Other Academic | 1 | 10.00 | 100% | 0% | 0% |
| Philosophy | 5 | 6.00 | 40% | 20% | 0% |
| Science - Biology | 3 | 16.67 | 100% | 67% | 0% |
| Science - Chemistry | 6 | 8.33 | 50% | 33% | 0% |
| Science - Other | 3 | 13.33 | 100% | 33% | 0% |
| Science - Physics | 5 | 6.00 | 40% | 20% | 0% |
| Social Science | 3 | 10.00 | 67% | 33% | 0% |
| Visual Arts | 5 | 8.00 | 80% | 0% | 0% |